000 01024cam a2200241 4500
001 ABS64738
008 011016n2001 000 0 eng u
035 _a(Sirsi) u115126
110 _aRoyal Institution of Chartered Surveyors
_94900
245 _aGlobal manifesto presents sustainable solutions
260 _c2001
490 _aCSM (Chartered Surveyor Monthly)
_vOctober 2001, 21(2)
520 _aDetails the RICS's new Global Manifesto. Published as a consultation approach, inviting the widest possible input to compile an agenda of practical use for surveyors and other professions. The document covers such issues as efficient land use, creation of sustainable cities and the meeting of housing needs. For a copy of the document fax; 020 7334 3795 or email; [email protected]
590 _aABS
650 _aRICS
650 _aGLOBAL MANIFESTO
650 _aRIO DECLARATION
650 _aLand use
_96251
650 _aTRANSPORTATION
650 _aHOUSING
690 _aRICS NEWS
942 _n0
999 _c68563
_d68563